Normal view
MARC view
Entry Meeting Name
001 - CONTROL NUMBER
- control field: 357989
003 - CONTROL NUMBER IDENTIFIER
- control field: OSt
005 - DATE AND TIME OF LATEST TRANSACTION
- control field: 20220927103416.0
008 - FIXED-LENGTH DATA ELEMENTS
- fixed length control field: 220927|| aca||aabn | a|a d
040 ## - CATALOGING SOURCE
- Original cataloging agency: OSt
- Transcribing agency: OSt
111 ## - HEADING--MEETING NAME
- Meeting name or jurisdiction name as entry element: World Conference onCredit for Farmers in Developing Countries (1975 : Rome)
670 ## - SOURCE DATA FOUND
- Source citation: Work cat.: (OSt)683149: World Conference onCredit for Farmers in Developing Countries (1975 : Rome), Proceedings, 1975
